| 000 | 00847cai a22001815a 4500 | ||
|---|---|---|---|
| 001 | L146270 | ||
| 008 | 090105u xxkabdog s 000 0 eng d | ||
| 035 | _a(Sirsi) u146270 | ||
| 041 | 0 | _aeng | |
| 110 | 2 |
_aProperty Index _95680 |
|
| 245 | 0 | 0 |
_aProperty Index _h[electronic resource] |
| 520 | _aSource for residential property sales information, although rental properties and legal advice is also provided. Although the principal focus is the United Kingdom, overseas property is also covered. Features property search function, information on properties going to auction and a forum for those interested in residential property matters. | ||
| 590 | _aKA | ||
| 651 | 4 | _aInternational | |
| 690 |
_aResidential property _96266 |
||
| 856 | 4 | 0 |
_uhttps://www.propertyindex.com/ _zView the website free of charge at www.propertyindex.com... |
| 942 | _n0 | ||
| 999 |
_c120755 _d120755 |
||